[Event "Grenke Chess Classic 4th"]
[Site "Karlsruhe/Baden-Baden"]
[Date "2017.04.17"]
[Round "3"]
[White "Caruana, Fabiano"]
[Black "Meier, Georg"]
[Result "1-0"]
[WhiteElo "2817"]
[BlackElo "2621"]
[Annotator "Moradiabadi,E"]
[PlyCount "69"]
[EventDate "2017.04.15"]
[EventType "tourn"]
[EventRounds "7"]
[EventCountry "GER"]
[EventCategory "20"]
[SourceTitle "CBM 178"]
[Source "ChessBase"]
[SourceDate "2017.05.14"]
[SourceVersion "1"]
[SourceVersionDate "2017.05.14"]
[SourceQuality "1"]
[TimeControl "60"]

1. e4 {[%emt 0:00:00]} e6 {[%emt 0:00:05]} 2. d4 {[%emt 0:00:00]} d5 {[%emt 0:
00:00]} 3. Nc3 {[%emt 0:00:00]} dxe4 {[%emt 0:00:02] George Meier is the
world's leading expert in this line.} 4. Nxe4 {[%emt 0:00:00]} Nd7 {[%emt 0:00:
00]} 5. Nf3 {[%emt 0:00:02]} Ngf6 {[%emt 0:00:05]} 6. Nxf6+ {[%emt 0:00:05]}
Nxf6 {[%emt 0:00:06]} 7. Be3 {[%emt 0:00:11] My knowledge of this opening is a
bit rusty but my recollection tells me that this is the sharpest line in this
variation with players castling on opposite sides most of the time.} Bd6 {
[%emt 0:00:25] Meier goes for the most principled continuation.} 8. Bd3 {
[%emt 0:00:23]} O-O {[%emt 0:01:32]} 9. Qe2 {[%emt 0:00:31]} b6 {[%emt 0:00:06]
} 10. O-O-O {[%emt 0:00:06]} Bb7 {[%emt 0:00:04]} 11. Kb1 {[%emt 0:02:02]} c5 {
[%emt 0:00:11]} 12. Bg5 {[%emt 0:00:32]} h6 {[%emt 0:00:21]} 13. Bh4 {[%emt 0:
00:00] Caruana deviates from Meier's game earlier this year where he lost to
Estonian GM Kaido Kulaots. He does not want to test Meier's improvement over
his game and he is already sure h4 is not going to work in this game.} (13. h4
cxd4 14. Nxd4 Be7 15. Bxf6 Bxf6 16. Nxe6 fxe6 17. Qxe6+ Kh8 18. Qf5 g6 19. Qxg6
Qc7 20. Qxh6+ Kg8 21. Qg6+ Kh8 22. Bf5 Bc8 23. Qh5+ Kg8 24. Rd7 {1-0 (24)
Kulaots,K (2564)-Meier,G (2648) Sweden 2017}) 13... Rc8 {[%emt 0:00:17]} 14. c3
{[%emt 0:00:46]} Be7 {[%emt 0:06:00] Meier spends some time while Caruana is
still blitzing his moves. It seems that c3 may not have been part of Meier's
preparation.} 15. Bg3 {[%emt 0:00:24]} cxd4 {[%emt 0:25:12]} 16. Nxd4 {[%emt 0:
00:00]} Rc5 $1 {[%emt 0:02:15] Played quickly and accurately! Meier is not
only an opening expert but he has a deep understanding of the position. The
queen will move and the other rook will occupy the d-file.} 17. Rhe1 {[%emt 0:
00:00]} Qc8 {[%emt 0:01:59]} 18. Be5 {[%emt 0:07:22] Fabiano's moves are all
good according to the engines!} Nd7 {[%emt 0:32:55] The position is hard and
it is not easy to find a move for Black. Meier's play is good but he has to
spend a lot of time to check on many things. He is caught in a balanced yet
unclear position. A feat for Fabiano and not exactly what Meier had in mind.}
19. Bf4 {[%emt 0:01:47]} Nf6 {[%emt 0:00:30]} 20. h4 {[%emt 0:39:50] Now g4-g5
is a threat.} Rd8 {[%emt 0:11:54]} 21. Be5 {[%emt 0:07:45]} (21. g4 $2 Nd5 22.
Bg3 Rxc3 {with a great position for Black.}) 21... h5 $1 {[%emt 0:15:02]
Another excellent stopping move.} 22. f3 {[%emt 0:05:01]} Bd6 $2 {[%emt 0:04:
17] With time pressure coming, Meier makes a bad mistake by letting his king
be exposed.} (22... Nd7 {was again a choice.} 23. Bg3 Nf6 {Meier might have
missed} 24. Nf5 $6 exf5 25. Qxe7 Nd5 26. Qg5 f4 $17 {with devastating
horizontal effect!}) 23. Bxf6 {[%emt 0:03:23]} gxf6 {[%emt 0:00:02]} 24. Qe3 {
[%emt 0:13:07]} Kg7 {[%emt 0:06:43]} 25. f4 $1 {[%emt 0:02:39] Great play now .
..Rg8 is forced.} Rg8 {[%emt 0:00:15]} 26. Bc2 {[%emt 0:02:34]} Bb8 {[%emt 0:
00:00]} (26... Bf8 {is ugly but at least covers Black's king.}) 27. Bb3 $5 {
[%emt 0:08:39] Fabiano targets e6} f5 {[%emt 0:00:01]} 28. Nxe6+ $1 {[%emt 0:
00:00] And he sees that his attack is crushing! Now Black's king is exposed
and White's pieces are all going to swarm over Black's.} fxe6 {[%emt 0:00:08]}
29. Qd4+ {[%emt 0:00:02]} Kh7 {[%emt 0:01:15]} 30. Rxe6 {[%emt 0:02:14]} Be4+ {
[%emt 0:00:43]} 31. Ka1 {[%emt 0:02:48]} Rg7 {[%emt 0:00:00]} 32. Qf6 {[%emt 0:
01:31]} Bxf4 {[%emt 0:00:01]} 33. Rd8 {[%emt 0:00:23]} Qa6 {[%emt 0:00:02]} 34.
Ree8 {[%emt 0:01:23] Fabiano misses a mate but his move is good enough for a
win!} (34. Rh8+ Kxh8 35. Re8+ Kh7 36. Bg8+ Rxg8 (36... Kh8 37. Bf7+ Kh7 38.
Bg6+ Rxg6 39. Rh8#) 37. Re7+ Rg7 38. Qxg7#) 34... Qf1+ {[%emt 0:01:33]} 35. Bd1
{[%emt 0:00:04]} 1-0

[Event "EU-Cup 21st"]
[Site "Saint Vincent"]
[Date "2005.09.20"]
[Round "3.3"]
[White "Haznedaroglu, Kivanc"]
[Black "Kosic, Dragan"]
[Result "1/2-1/2"]
[WhiteElo "2430"]
[BlackElo "2489"]
[Annotator "Mueller,Karsten"]
[PlyCount "112"]
[EventDate "2005.09.18"]
[EventType "team-swiss"]
[EventRounds "7"]
[EventCountry "ITA"]
[SourceTitle "CBM 110"]
[Source "ChessBase"]
[SourceDate "2006.01.31"]
[SourceVersion "1"]
[SourceVersionDate "2006.01.31"]
[SourceQuality "1"]
[WhiteTeam "Istanbul"]
[BlackTeam "Podgorica"]
[WhiteTeamCountry "TUR"]
[BlackTeamCountry "YUG"]

1. e4 e6 2. d4 d5 3. Nc3 dxe4 4. Nxe4 Nd7 5. Nf3 Ngf6 6. Nxf6+ Nxf6 7. Bg5 h6
8. Bh4 c5 9. Bb5+ Bd7 10. Bxd7+ Qxd7 11. Qe2 cxd4 12. O-O-O Bc5 13. Qe5 Be7 14.
Nxd4 Qa4 15. Qb5+ Qxb5 16. Nxb5 O-O 17. Rhe1 a6 18. Nd6 Bxd6 19. Rxd6 Nd5 20.
Rd7 b5 21. Bg3 Rfc8 22. Kb1 Rc6 23. Rd1 Rac8 24. Rd2 Rc4 25. f3 R4c6 26. a3 Ne3
27. Rd8+ Rxd8 28. Rxd8+ Kh7 29. Rd2 g5 30. Re2 Nd5 31. Be1 Kg6 32. b3 h5 33.
Kb2 f6 34. Bd2 g4 35. Re1 Kf5 36. Re4 e5 37. c4 bxc4 38. Rxc4 Rxc4 39. bxc4
gxf3 40. gxf3 Ne7 41. Kc3 Nc6 42. Kd3 Nd4 43. f4 Nf3 44. fxe5 Nxe5+ 45. Kc3 Nf3
46. h3 Nxd2 47. Kxd2 Ke4 48. c5 Kd5 49. Ke3 Kxc5 50. Ke4 a5 51. Kf5 a4 {
[%tqu "De","Kann Weiß die drohende Niederlage noch abwenden?","","","h3h4","",
3]} 52. h4 $1 (52. Kxf6 $2 Kc4 53. Kg5 Kb3 54. Kxh5 Kxa3 55. h4 Kb3 56. Kg6 a3
57. h5 a2 58. h6 a1=Q $19) (52. Kg6 $2 Kd4 53. h4 (53. Kxh5 f5 54. Kg5 Ke4 55.
h4 f4 56. h5 f3 57. h6 f2 58. h7 f1=Q 59. h8=Q Qg1+ 60. Kh6 Qh2+ 61. Kg7 Qxh8+
62. Kxh8 Kd4 $19) (53. Kxf6 Kc3 $19) 53... Ke4 54. Kxf6 Kf4 $19) 52... Kc4 {
[%tqu "De","Wie lautet Ihre Pointe?","","","f5g6","",5]} 53. Kg6 $1 Kb3 (53...
f5 54. Kxh5 Kd3 55. Kg5 Ke4 56. h5 f4 $11) 54. Kxh5 Kxa3 55. Kg6 f5 56. h5 f4 (
56... f4 57. h6 f3 58. h7 f2 59. h8=Q f1=Q 60. Qc3+ Ka2 61. Qc2+ $11) 1/2-1/2

[Event "GER-ch 70th"]
[Site "Bremen"]
[Date "1998.11.12"]
[Round "7"]
[White "Mueller, Karsten"]
[Black "Telljohann, Sven"]
[Result "1-0"]
[WhiteElo "2550"]
[BlackElo "2410"]
[Annotator "Mueller,Karsten"]
[PlyCount "119"]
[EventDate "1998.11.06"]
[EventType "swiss"]
[EventRounds "9"]
[EventCountry "GER"]
[SourceTitle "CBM 068"]
[Source "ChessBase"]
[SourceDate "1999.02.01"]
[SourceVersion "1"]
[SourceVersionDate "1999.02.01"]
[SourceQuality "1"]

1. e4 {Finkel,A} e6 2. d4 d5 3. Nd2 dxe4 4. Nxe4 Bd7 5. Nf3 Bc6 6. Bd3 Nd7 7.
O-O Ngf6 8. Ng3 Be7 9. b3 O-O 10. Bb2 Re8 (10... b5 11. c4 bxc4 12. bxc4 Rb8
13. Rb1 Re8 (13... Rb6 14. Qe2 Re8 15. Ne5 Nxe5 16. dxe5 Nd7 17. f4 $14 {
1/2-1/2 Rodriguez,A-Elizart Cardenas,H/CUB-ch 1993/TD 93\10 (42)}) 14. Ne5 Nxe5
15. dxe5 Nd7 16. Qc2 h6 17. Bh7+ Kh8 18. Be4 $14 {1/2-1/2 Sulskis,S-Rustemov,A/
Minsk 1996/CBM 54 (50)}) (10... Bxf3 11. Qxf3 c6 12. Rfe1 (12. c4 Qa5 13. a3
Rfe8 14. Rfd1 Rad8 15. Rac1 Nf8 16. b4 Qg5 17. Re1 Ng6 18. h3 {1/2-1/2 Ernst,
T-Lyrberg,P/Stockholm 1995/EXP 49 (18)}) 12... Re8 13. Ne4 Qc7 14. c4 Rad8 15.
Rad1 $14 {1-0 Videki,S-Gastgofer,V/Harkany op 1993/EXT 93op (59)}) (10... a5
11. a3 (11. c4 a4 12. Ne5 $14 {0-1 Bologan,V-Kramnik,V/Chalkidiki 1992/CBM 32 
(40)}) 11... b5 12. Re1 b4 13. a4 Bb7 14. Nd2 c5 15. Nc4 cxd4 16. Bxd4 Qc7 $14
{1-0 Adams,M-Dreev,A/Manila 1992/TD 92\02 (60)}) (10... b6 11. c4 (11. Qe2 Bxf3
12. Qxf3 c5 13. Rad1 cxd4 14. Bxd4 Qc7 15. Rfe1 Bb4 16. c3 $14 {Polgar,
S-Lyrberg,P/Kecskemet2 1992/1/2-1/2 (77)}) 11... Bb7 12. Qe2 c5 13. Rad1 Qc7
14. Bb1 Rad8 15. Rfe1 $14 {1/2-1/2 Schmaltz,R-Gaerths,R/GER-chJ U20 1992/EXT
92ch (45)}) 11. c4 Bf8 {'!?' Finkel,A.} (11... b6 12. Qe2 Bxf3 13. Qxf3 c5 14.
Rad1 $14 {1/2-1/2 Kapengut,A-Kholmov,R/URS-ch sf Daugavpils 1978/MCD-ch (40)})
(11... Bxf3 12. Qxf3 c6 13. Rfe1 $14 {1-0 Shirov,A-Huebner,R/Muenchen 1993/Inf
57/[Shirov,A] (51)}) 12. Ne5 Nxe5 13. dxe5 Nd7 14. Qc2 (14. Qh5 $5 g6 15. Qe2
Qh4 16. Be4 Bxe4 17. Nxe4 Bg7 18. f4 $14) 14... Qh4 $5 15. Rfe1 Nc5 16. Bf1 a5
17. a3 $1 {mit der Idee b3-b4-b5, was den schwarzen Figuren die Felder c5 und
c6 streitig macht, wodurch vor allem der Springer Probleme bekommt.} b6 18. b4
axb4 19. axb4 Rxa1 (19... Na4 $2 20. b5 Nxb2 21. bxc6 Rxa1 (21... Ba3 22. Re3
Qe7 23. Ne4 $18) 22. Rxa1 Qd4 23. Ne2 Qxe5 24. Ra2 $18) 20. Bxa1 (20. Rxa1 Nd7
21. Ra7 Bxb4 22. Rxc7 Nb8 $14) 20... Nd7 (20... Na6 $2 {Finkel,A} 21. b5 Nb4
22. Qb3 Bb7 23. Bc3 c5 24. bxc6 Nxc6 25. Qxb6 $16) 21. Bc3 f6 $6 {schafft zwar
dem Springer Felder, schwächt aber die Bauernstruktur beträchtlich.} (21... Ra8
22. Rd1 Ba4 23. Qa2 Bc6 24. Qb1 $14) (21... Bb7 $6 {Finkel,A} 22. Qa4 $1 (22.
Rd1 $6 Rd8 23. Qa4 Nb8 $1 (23... Bc8 $6 24. Qa7 $1 c5 25. b5 Be7 26. Qc7 $1 $16
) 24. Rxd8 Qxd8 25. Qa7 Qc8 $11) 22... c6 23. Qa7 Bc8 24. Ne4 c5 25. b5 $16)
22. b5 Bb7 23. exf6 Nxf6 24. Bxf6 (24. Bd3 $6 Ng4 25. h3 Nxf2 26. Qxf2 Bc5 27.
Re3 {gefiel mir wegen der vielen Abhängigkeiten im weißen Lager nicht. Es
scheint aber spielbar zu sein, z.B.} Rd8 (27... Rf8 $6 28. Qe1 Qf4 29. Bd2 Rd8
30. Kh2 Qd6 $6 31. Rxe6 Qxd3 32. Re8+ Bf8 33. Qe6+ Kh8 34. Bb4 $18) 28. Ne4
Qxf2+ 29. Kxf2 Rxd3 30. Nxc5 Rxe3 31. Kxe3 bxc5 $14) 24... Qxf6 {'?!' Finkel,A.
} (24... gxf6 $5 25. Bd3 (25. Nf5 Qh5 26. Nd4 Bd6 27. g3 Be5 28. Be2 Qh3 29.
Bf3 Bxd4 30. Bxb7 Bc5 $11) 25... Bd6 26. Be4 (26. Bf5) 26... Bc8 $14 (26...
Bxe4 {Finkel,A} 27. Rxe4 Qg5 $132) (26... Bxg3 $6 27. hxg3 Bxe4 28. Rxe4 Qg5
29. Qd1 Qc5 30. Rd4 $36)) 25. Bd3 g6 26. Be4 Bxe4 {'?!' Finkel,A.} (26... Bc8
$1 $132 {Finkel,A}) 27. Nxe4 {'+/=' Finkel,A.} Qe5 28. Rd1 Ra8 29. g3 Ra1 30.
Rxa1 Qxa1+ 31. Kg2 Qd4 32. Qe2 Be7 33. Qg4 Qe5 (33... Qxc4 $4 34. Nf6+ $18) 34.
h4 {Weiß versucht Drohungen gegen den König zu schaffen, damit die Stärken von
Dame und Springer gegenüber Dame+Läufer besser zur Geltung kommen.} Kg7 35. Qe2
(35. h5 $6 Qf5 {ist nicht im Sinne von Weiß.}) 35... h5 {'?!' Finkel,A. Finkel,
A: 'It would be better to put a pawn to h6 and to cover square g5 in case if
bishop moves from e7.'} (35... h6 $1 {Finkel,A} 36. Qd3 Bd6 37. f3 Qb2+ 38. Kh3
Qe5 $11) 36. Qd3 Bd6 $6 $138 (36... Kf7 $142) 37. Ng5 Kf6 (37... Be7 $2 38. Qd7
Qd6 39. Qxc7 Qxc7 40. Nxe6+ Kf6 41. Nxc7 $18) (37... Qf5 38. Qd4+ (38. Qd1 {
Finkel,A} Kf6 39. Qa1+ Qe5 40. Qa8 Ke7 41. Qg8 Qf5 $14) 38... Kf8 39. Qh8+ Ke7
40. Qa8 $14) 38. Qf3+ Qf5 39. Qa8 Kg7 $2 (39... Ke7 40. Ne4 Qe5 41. Qc6 Qd4 $14
) 40. Qe8 {'+/-!' Finkel,A.} e5 (40... Kf6 $2 41. Qf7+ Ke5 42. Qg7+ Qf6 43.
Nf7+ (43. Nf3+ {Finkel,A} Kf5 44. Nd4+ Ke5 45. f4+) 43... Kf5 44. Nh6+ Ke5 45.
f4+ $18) 41. Ne6+ Kf6 42. Ng5 Kg7 43. Qc6 Kf8 {'?!' Finkel,A.} {[%tqu "De",
"Wie kann die schwarze Verteidigung ausgehoben werden ?","Der Läufer steht
etwas wackelig auf d6","Es ist ein Bauernzug","g5e4","",0,"c4c5","",7]} 44. Ne4
$2 {Finkel,A: 'White has made all the preparations for the 44.c5,but for some
reason didn't play it,although it was winning immideatly: '} (44. c5 $1 {
[%mdl 4096]} Be7 (44... bxc5 45. b6 cxb6 (45... Ke7 46. Ne4 $1 $18) 46. Qxd6+
$18) (44... Bxc5 45. Ne6+ Kg8 (45... Ke7 46. Nxc5 bxc5 47. Qxc7+ $18) (45...
Kf7 46. Nxc5 bxc5 47. Qxc7+ Kg8 48. Qxc5 $18) 46. Qe8+ Bf8 (46... Kh7 47. Qd7+
$1 $18) 47. Nxf8 Qxf8 48. Qxg6+ Qg7 49. Qxg7+ {'+-' Finkel,A. Finkel,A: 'with
easily winning endgame.'} (49. Qxh5 $18 {(Finkel,A) with easily winning
endgame.}) 49... Kxg7 50. g4 hxg4 51. Kg3 $18) 45. cxb6 cxb6 46. Qxb6 Bxg5 47.
hxg5 Qe4+ 48. Kh2 $18) 44... Be7 {Finkel,A: 'Now the fight is still not over.'}
45. f3 Bd8 46. Kf2 {'?!' Finkel,A.} (46. Qd5 $5 {Finkel,A}) 46... Ke7 47. Ke2
$6 (47. Ke3 $142 $5) 47... Qe6 {'=!' Finkel,A. Finkel,A: 'Now the position is
almost equal,but the game is stil full of surprises!'} 48. Ng5 {'!?' Finkel,A.}
Qxc6 49. bxc6 Kf6 50. Kd3 Kf5 51. Ne4 Be7 (51... g5 {Finkel,A} 52. hxg5 Bxg5
53. Nd6+ Ke6 54. Nb5 h4 55. gxh4 Bxh4 56. Ke4 Bd8 $11) 52. Kc3 g5 {'!?' Finkel,
A.} 53. hxg5 Bxg5 54. Nd6+ ({Das Bauernendspiel nach} 54. Nxg5 {ist remis:}
Kxg5 55. Kb4 h4 56. gxh4+ Kxh4 57. Kb5 Kg3 58. Ka6 Kxf3 59. Kb7 e4 60. Kxc7 e3
61. Kxb6 e2 62. c7 e1=Q 63. c8=Q Qb4+ $8 64. Ka7 Qa5+ 65. Kb8 Ke4 $11) 54...
Ke6 55. Nb5 h4 56. gxh4 Bxh4 57. Kd3 Bg3 {'!?' Finkel,A.} (57... Bg5 {Finkel,A}
58. Nxc7+ Kd6 59. Nd5 Kxc6 60. Ke4 b5 $11) 58. Ke4 Bh2 59. Kd3 Bg3 60. Nc3 $11
{time und Sven Telljohann war wegen der nach Kd6 möglichen Gabel so perplex,
daß er die letzten 4 Sekunden ablaufen ließ und die Zeit überschritt.} 1-0

[Event "Moscow Tal Memorial 5th"]
[Site "Moscow"]
[Date "2010.11.05"]
[Round "1"]
[White "Shirov, Alexei"]
[Black "Wang, Hao"]
[Result "0-1"]
[WhiteElo "2739"]
[BlackElo "2727"]
[Annotator "Mueller,Karsten"]
[PlyCount "102"]
[EventDate "2010.11.05"]
[EventType "tourn"]
[EventRounds "9"]
[EventCountry "RUS"]
[EventCategory "21"]
[SourceTitle "CBM 139"]
[Source "ChessBase"]
[SourceDate "2010.11.18"]
[SourceVersion "1"]
[SourceVersionDate "2010.11.18"]
[SourceQuality "1"]

1. e4 e6 2. d4 d5 3. Nc3 Nf6 4. Bg5 dxe4 5. Nxe4 Nbd7 6. Nxf6+ Nxf6 7. Nf3 h6
8. Be3 Nd5 9. Bd2 c5 10. Bb5+ Bd7 11. Bxd7+ Qxd7 12. c4 Nb6 13. Rc1 Be7 14.
dxc5 Bxc5 15. b4 Be7 16. c5 Nd5 17. Ne5 Qc7 18. Qa4+ Kf8 19. f4 g6 20. O-O Kg7
21. Qb3 Rhd8 22. Rce1 Bf6 23. Ng4 Bd4+ 24. Kh1 h5 25. Ne5 b6 26. cxb6 Qxb6 27.
b5 Bxe5 28. fxe5 a6 29. a4 axb5 30. axb5 Rab8 31. Rb1 Qd4 32. Qb2 Qa4 33. h3
Rdc8 34. Bg5 Rb7 35. Qb3 Qe4 36. Bf6+ Kh7 37. Rfe1 Qd4 38. Red1 Qb6 39. Bh4 Rc3
40. Qa2 Qc7 41. Bf2 Rc2 42. Rb2 Rxf2 43. Rxf2 Nc3 44. Rc1 Nxa2 45. Rxc7 Rxc7
46. Rxa2 Rc1+ 47. Kh2 Rb1 {Die Absperrung Turmendspiele haben zwar eine hohe
Remisbreite, aber in aller Regel sollte der Verteidiger aktiv agieren:} 48. h4
$2 {Für diesen Sicherungszug hat Weiß keine Zeit. Shirov musste seinen Turm
unverzüglich mit} (48. Ra7 {aktivieren. Dann sollte er sich behaupten können,
z.B.} Rxb5 (48... Kg7 49. Rb7 Re1 50. b6 Rxe5 51. Rc7 Rb5 52. b7 h4 (52... Kf6
53. g4 $11) 53. g4 Rb2+ 54. Kg1 g5 55. Kf1 Kg6 56. Re7 e5 57. Rxe5 Rxb7 58. Ra5
$11) 49. Rxf7+ Kh6 50. h4 Rxe5 51. Kg3 $11) 48... Rxb5 49. Re2 Rb1 $1 {[%cal
Gb1f1,Gf1f5] Man vergleiche zum folgenden Gewinnverfahren auch das Endspiel
Ponomariov-Carlsen, Amberturnier 2010.} 50. Kg3 Rf1 51. Re3 Kh6 (51... Kh6 52.
Kh3 (52. Rf3 $6 Rxf3+ 53. gxf3 g5 54. Kh3 Kg6 55. hxg5 Kxg5 56. Kg3 Kf5 57. f4
h4+ $19) 52... Rf5 {[%cal Gh6f8,Gf8e7,Ge7d7,Gd7c6,Gc6e4]} 53. Kg3 Kg7 54. Kh3
Kf8 55. Kg3 Ke7 56. Re1 Kd7 57. Rd1+ Kc6 58. Rd6+ Kc7 59. Ra6 Kd7 60. Ra5 (60.
Ra7+ Kc6 61. Ra5 Kb6 62. Ra1 Rxe5 $19) 60... Kc6 61. Ra7 Kd5 62. Ra5+ Ke4 $19)
0-1

[Event "EU-ch 8th"]
[Site "Dresden"]
[Date "2007.04.13"]
[Round "10"]
[White "Nisipeanu, Liviu Dieter"]
[Black "Huzman, Alexander"]
[Result "1-0"]
[WhiteElo "2693"]
[BlackElo "2591"]
[Annotator "Nisipeanu,LD"]
[PlyCount "79"]
[EventDate "2007.04.03"]
[EventType "swiss"]
[EventRounds "11"]
[EventCountry "GER"]
[SourceTitle "CBM 118"]
[Source "ChessBase"]
[SourceDate "2007.05.31"]
[SourceVersion "1"]
[SourceVersionDate "2007.05.31"]
[SourceQuality "1"]

1. e4 e6 2. d4 d5 3. Nc3 dxe4 4. Nxe4 Nd7 5. Nf3 Ngf6 6. Nxf6+ Nxf6 7. Bg5 h6
8. Be3 {I had very good memories with this line, from the last European
Championship I had played, because there I scored a crucial win against Milov
with it.} Nd5 9. Bd3 ({Probably the more popular} 9. Qd2 {is better, but I
decided against it in this game, because I wanted to play without too much
theory on this occasion.}) 9... Nxe3 $1 (9... Bd6 10. Qe2 {was the idea of my
previous move, since the queen is much better on e2 than d2.}) 10. fxe3 Bd6 11.
Qe2 (11. e4 {as in Leko-Ivanchuk is a better try to fight for an opening
advantage.} e5 12. dxe5 Bc5 13. Bb5+ (13. Qe2 $5 O-O 14. O-O-O Qe7 15. Kb1 a5
16. c3 {offers maybe more chances.}) 13... c6 14. Qxd8+ Kxd8 15. Bc4 Ke7 $14)
11... Qe7 12. O-O-O Bd7 ({I was more concerned about the straightforward} 12...
e5 13. Bc4 O-O 14. Rhf1 exd4 $11) 13. Kb1 $1 {A tricky move, which looks
completely harmless.} (13. Rhf1 Rf8 $1 (13... O-O-O 14. e4 e5 15. dxe5 Bc5 (
15... Bxe5 16. Nxe5 Qxe5 17. Qf2 Kb8 18. Qxf7 $16) 16. Bc4 $16 {looks a lot
like the game continuation}) 14. e4 e5 15. dxe5 Bxe5 16. Nxe5 Qxe5 17. Qe3 Qg5
$11) 13... O-O-O {Right into the trap!} (13... Rf8 $1 14. e4 e5 15. dxe5 Bxe5
16. Nxe5 Qxe5 17. Qf2 Be6 {followed by f6, Kf7-g8 with equality, was the
correct continuation.}) 14. e4 $1 e5 (14... c5 $142 15. Qe3 $1 (15. e5 Bc7 16.
Be4 Kb8 17. c3 f5 $11) 15... Bc6 (15... cxd4 16. Qxd4 Kb8 17. Qxg7 Rdg8 18. Qc3
Bb4 19. Qb3 $16) 16. e5 Bc7 17. dxc5 Rd5 18. b4 Rhd8 $44) 15. dxe5 {Only after
this seemingly antipositional move did my opponent feel that something was
wrong. He then sank into deep thought. But now Black has a very diffcult
choice of which pawn-down position to play.} Bc5 {Probably played because of
the analogy to the Leko-Ivanchuk game.} (15... Bxe5 16. Nxe5 Qxe5 17. Qf2 Kb8
18. Qxf7 Be6 19. Qf2 Rhf8 {seemed like a better choice to me during the game,
because all endgames present decent drawing chances for Black.}) 16. h3 Be6 (
16... g5 17. Rhf1 g4 18. hxg4 Bxg4 19. Bc4 $16) 17. Bc4 $16 {Here I considered
my position technically winning, the only thing concerning me beeing my slight
time trouble.} c6 18. Bxe6+ Qxe6 19. Rd3 Bb6 (19... Rxd3 20. cxd3 Rd8 21. Rd1
Bd4 22. Nxd4 Rxd4 23. Qf2 Qd7 {was more stubborn, but should also lose in the
long run.}) 20. Rhd1 Bc7 21. Qf2 Kb8 22. Rxd8+ Rxd8 23. Rxd8+ Bxd8 24. Qg3 $18
g6 25. Nd4 Qe7 (25... Qc4 26. e6+ Kc8 27. Qd3 Qxd3 28. cxd3 $18) 26. e6+ Bc7
27. Qe3 c5 (27... fxe6 28. Qxh6 Qf6 29. Nf3 $18) 28. Nf3 $6 (28. Qxh6 cxd4 29.
exf7 Bd6 30. Qxg6 $18) 28... Qxe6 29. Qxc5 a6 30. Qd5 Qxd5 $6 {After this
Black has no chance at all} (30... Qb6 31. Qd4 Qe6 32. e5 {is also losing for
Black, but the presence of the queens offers some chances to confuse matters.})
31. exd5 b5 32. c4 bxc4 33. Kc2 Kc8 34. Kc3 Kd7 35. Kxc4 Kd6 36. b4 a5 37. Nd4
Bb6 38. bxa5 Bxa5 39. a4 f5 40. Nc6 1-0

[Event "St Petersburg op2"]
[Site "St Petersburg"]
[Date "1994.??.??"]
[Round "2"]
[White "Aseev, Konstantin N"]
[Black "Nevostrujev, Vladimir"]
[Result "1-0"]
[WhiteElo "2540"]
[BlackElo "2440"]
[Annotator "Notkin,M"]
[PlyCount "37"]
[EventDate "1994.10.??"]
[EventType "swiss"]
[EventRounds "9"]
[EventCountry "RUS"]
[SourceTitle "CBM 043 Extra"]
[Source "ChessBase"]
[SourceDate "1995.01.01"]
[SourceVersion "1"]
[SourceVersionDate "1995.01.01"]
[SourceQuality "1"]

1. e4 e6 2. d4 d5 3. Nc3 dxe4 4. Nxe4 Nd7 5. Nf3 Ngf6 6. Nxf6+ Nxf6 7. Bb5+ c6
8. Bd3 c5 9. dxc5 Bxc5 10. O-O (10. Qe2 $5 Qc7 (10... O-O 11. Bg5 Qa5+ 12. c3
Be7 (12... Qc7 13. Bxf6 gxf6 14. O-O-O b6 15. Qe4 f5 16. Qh4 Be7 17. Qh6 Kh8
18. g4 Rg8 $13 {Fedorov,A-Doroshkievich,V/St-Peterburg(Petrov-mem)/1994/0,5/34/
}) 13. Ne5 h6 14. Bh4 Rd8 15. O-O Qc7 16. Rad1 b6 17. Rfe1 Bb7 $2 18. Nxf7 $1
$16 {Karpov,A-Speelman,J/Reykjavik/1991/1:0/54/}) 11. Bd2 Bd7 12. O-O Bd6 13.
Rfe1 O-O-O $6 (13... Bc6 14. Ne5 Bxe5 15. Qxe5 Qxe5 16. Rxe5 $14 {Nunn/}) 14.
Rad1 Bc6 15. h3 h6 $6 (15... Kb8 $5) 16. b4 $1 $16 {Nunn,J-Korchnoi,V/
Amsterdam/1990/0,5/63/}) 10... Qc7 (10... O-O 11. Qe2 (11. Bg5 h6 12. Bh4 Be7
13. Qe2 Qc7 14. Rad1 Rd8 15. Ne5 b6 16. Rfe1 $14 {Vogt,L-Luecke,N/BRD/1994/})
11... h6 12. b3 b6 13. Bb2 Bb7 14. Rad1 Qe7 15. c4 Rfd8 16. Ne5 Rd6 $10 {
Rogers,I-Vaganian,R/Manila(izt)/1990/0,5/41/}) 11. Bg5 b6 (11... Bd7 $5 {
/\0-0-0}) 12. Qe2 O-O (12... Bb7 13. Bb5+ Bc6 14. Ne5 $16) 13. Ne5 (13. Bxf6
gxf6 14. Qe4 f5 15. Qxa8 Bb7 16. Qxa7 Ra8 17. Qxa8+ Bxa8 $10) 13... Nd7 $2 (
13... Bb7 14. Bxf6 (14. Rad1 $14) 14... gxf6 15. Qg4+ Kh8 16. Qh4 f5 $10) 14.
Bf4 Bb7 (14... Bd6 15. Nxd7 Bxf4 (15... Bxd7 16. Bxh7+ Kxh7 17. Qd3+ $18) 16.
Nxf8 Kxf8 $16) (14... Nxe5 15. Bxe5 Qe7 (15... Bd6 16. Bxd6 Qxd6 17. Qe4 $18)
16. b4 $1 Bxb4 17. Qe4 $18) 15. Bxh7+ $1 (15. Ng6 $2 Qc6) 15... Kxh7 16. Ng6 $1
{/\17.Qh5 Kg8 18.Qh8#} Bxf2+ 17. Rxf2 Qc5 18. Be3 Qa5 19. b4 $1 (19. b4 Qd5 20.
c4 $18) 1-0